000 00436nam a2200193Ia 4500
005 20240913125633.0
008 240913s9999||||xx |||||||||||||| ||und||
020 _a81-219-3082-0
041 _aENGLISH
082 _A620.503 P9
100 _aRathi,Rakesh
245 0 _aNanotechnology
250 _aIst
260 _c2009
_bSBS Publi
500 _aREFERENCE
650 _aNano
_bNano Technology
942 _cREF
999 _c245961
_d245961